000
00240nam a22000857a 4500
008
161201b xxu||||| |||| 00| 0 eng d
100
_9
1636
_a
Kumar. k
245
_a
Primary interactions in english main course
260
_a
New delhi
_b
Frank bro
_c
2005
999
_c
4350
_d
4350